Statistics for F1 Podiums 1966

Click here to take the quiz!

General Stats

  • This quiz has been taken 99 times
  • The average score is 8 of 11

Answer Stats

Answer% Correct
Graham Hill
100%
Jim Clark
95%
Jack Brabham
92%
Denny Hulme
89%
Jackie Stewart
89%
John Surtees
78%
Jochen Rindt
76%
Lorenzo Bandini
62%
Richie Ginther
59%
Ludovico Scarfiotti
51%
Mike Parkes
32%

Score Distribution

Percentile by Number Answered

Percent of People with Each Score

Your Score History

You have not taken this quiz